000 00889nam a22002897a 4500
001 4662
003 FISKH
005 20240919111925.0
008 240919b cb ||||| |||| 00| 0 eng d
020 _a9780590489966
040 _aFISKH
_beng
_cFISKH
_dFISKH
050 _aPZ7.S7242
082 _2813.54
100 _aSoto, Gary
_d1952-
245 _aPacific crossing /
_cGary Soto
250 _aPublished in 1992
260 _aNew York :
_bScholastic,
_c1992.
300 _a134 pages :
_c20cm
505 _aR
520 _aFourteen-year-old Mexican American Lincoln Mendoza spends a summer with a host family in Japan, encountering new experiences and making new friends.
521 8 _a750L
_bLexile
521 8 _aR
_bRaz-Plus
650 _2Realistic fiction
_aMartial arts
_vFiction
650 _2Mexican American
_aMulticultural
942 _2ddc
_cBK
_n0
999 _c4662
_d4662